Liste des personnages de Mario - Statistiques

Statistiques générales
  • Ce quiz a été pris 880 fois
  • Le résultat moyen est 21 sur 32
Statistiques - réponses
% Correct
Le frêre Luigi
100%
Moustachu à casquette Mario
100%
La princesse Peach
99%
Champignon Toad
98%
L'ennemis juré Bowser
95%
Un gros singe Donkey Kong
95%
Dinosaure vert Yoshi
95%
Princesse de Sarasaland Daisy
93%
Champignon avec des couettes Toadette
92%
Fantôme Boo
87%
Le double malfaisant de Luigi Waluigi
87%
Tortue Koopa
86%
Toujours en moto Wario
86%
Le fils de l'ennemis juré Bowser.jr
85%
Dans l'espace Harmonie
76%
Un petit singe Diddy Kong
74%
Chataigne marron Goomba
69%
Dinosaure Rose Birdo
67%
Tortue Morte Skélérex
63%
La sorcière Kamek
60%
Sur un nuage Lakitu
59%
Le sans visage Maskass
53%
Première princesse des jeux Pauline
51%
La chenille Wiggler
50%
Complètement marto Frère marto
43%
Meilleur ami de Donkey Kong Funky Kong
43%
La copine du petit singe Dixie Kong
36%
Plante vivante Flora piranha
20%
Maire de Champiville Papy Champi
19%
Palmier sur la tête Pianta
15%
Gros Luma Lubba
12%
Petit habitant de l'île Delfino Noki
9%
Aucun quiz correspondant
Distribution des résultats
% des personnes avec chaque résultat
Percentile par nombre de réponses
Votre historique - résultats
Vous n’avez pas pris ce quiz